000
00249nam a2200097Ia 4500
001
1229035
005
20250827093053.0
008
250824s9999 xx 000 0 und d
245
0
_a
AZAT KUŞU
_c
GÜLTEN DAYIOĞLU
260
_b
ALTIN KİTAPLAR YAYINLARI
999
_c
1229035
_d
1229035